Missing Word: ABC Shows (1980s) Quiz Stats

Quiz Updated Oct 14, 2016

Challenge
Share
Tweet
Embed
Score 0/20 Timer 02:00
0 Plays Today
Television Series Missing Word % Correct
_____ MattersFamily
94.1%
Growing _____Pains
92.3%
Full _____House
92%
America's _____ Home VideosFunniest
91.8%
The _____ YearsWonder
86.6%
Three's a _____Crowd
83.9%
Who's the _____Boss
82.6%
_____ Howser, M.D.Doogie
82.2%
_____ of the ClassHead
80.4%
Joanie _____ ChachiLoves
78.3%
Television Series Missing Word % Correct
_____ BelvedereMr.
66.3%
T.J. _____Hooker
61.5%
Spenser: For _____Hire
60.7%
_____ BuddiesBosom
53.5%
_____ HeadroomMax
48.1%
Perfect _____Strangers
47.9%
Just the _____ of UsTen
42.4%
The _____ GuyFall
40.9%
China _____Beach
37.4%
_____ and McCormickHardcastle
16%

Today's Daily Dose

You're not logged in!

Compare scores with friends on all Sporcle quizzes.
Sign Up with Email
OR
Log In

You Might Also Like...

Show Comments

Extras

Top Quizzes Today


Score Distribution

Your Account Isn't Verified!

In order to create a playlist on Sporcle, you need to verify the email address you used during registration. Go to your Sporcle Settings to finish the process.